Statistieken voor 12 x 12 Tafel van Vermenigvuldiging - Twee Minuten Sprint

Klik hier om de quiz te nemen!

Algemene statistieken

  • Deze quiz is 2.154 keer genomen
  • De gemiddelde score is 91 of 144

Antwoordstatistieken

Answer% Correct
2
100%
1
100%
3
99%
4
99%
5
99%
6
99%
7
99%
8
99%
10
98%
2
98%
4
98%
6
98%
8
98%
12
98%
10
98%
12
98%
9
98%
3
97%
11
97%
9
97%
6
97%
14
97%
12
97%
16
96%
18
96%
4
96%
8
96%
24
96%
20
96%
12
95%
22
95%
18
94%
24
94%
5
94%
24
93%
16
93%
15
93%
10
93%
20
93%
30
92%
21
92%
36
91%
20
91%
6
91%
27
90%
12
90%
28
89%
33
89%
15
89%
40
89%
36
89%
30
88%
25
87%
40
87%
18
87%
32
87%
24
87%
60
86%
50
86%
48
85%
44
85%
30
84%
55
83%
45
83%
35
83%
36
82%
7
82%
14
79%
60
78%
48
77%
42
75%
21
73%
28
72%
54
72%
66
72%
72
70%
35
67%
8
65%
42
62%
16
61%
49
60%
24
59%
56
58%
70
57%
77
54%
40
53%
63
52%
32
51%
84
51%
48
49%
9
48%
18
45%
56
42%
10
40%
72
39%
80
39%
27
38%
64
38%
36
38%
20
37%
88
36%
30
35%
40
34%
11
33%
60
33%
50
32%
96
32%
45
32%
22
31%
12
29%
54
28%
70
28%
72
27%
80
27%
24
26%
33
26%
44
25%
90
25%
55
25%
100
25%
90
25%
63
24%
36
23%
99
22%
110
22%
120
22%
66
22%
81
22%
60
21%
77
20%
108
19%
88
19%
48
19%
99
18%
110
17%
121
15%
72
14%
132
12%
144
11%
120
11%
84
11%
96
10%
108
8%
132
7%

Scoreverdeling

Percentiel versus Aantal Correcte Antwoorden

Procent van Mensen met Elke Score

Uw Scoregeschiedenis

U heeft deze quiz nog niet genomen